Income distribution and determination in West Malaysia
| Main Author: | |
|---|---|
| Format: | Book |
| Published: |
Kuala Lumpur :
Oxford University ,
1982
|
| Subjects: |
MARC
| LEADER | 00000cam a2200000 7i4500 | ||
|---|---|---|---|
| 001 | 0000001149 | ||
| 005 | 20030128.0 | ||
| 020 | |a 019580435 | ||
| 040 | |a INS | ||
| 090 | 0 | 0 | |a HC445.5.Z9 |b I5188 1982 |
| 100 | 0 | |a Tan Tai Wai | |
| 245 | 1 | 0 | |a Income distribution and determination in West Malaysia |c Tan Tai Wai |
| 260 | |a Kuala Lumpur : |b Oxford University , |c 1982 | ||
| 300 | |a xiii,364p ; |c 25cm. | ||
| 500 | |a Includes index | ||
| 650 | 0 | 0 | |a Income |z West Malaysia |
| 999 | |a 0000000467 |b BOOK |c Open Shelf |e Default branch | ||
| 999 | |a 0000001474 |b BOOK |c Open Shelf |e Default branch | ||